Policy transformation in Canada : is the past prologue? /

"Canada's centennial anniversary in 1967 coincided with a period of transformative public policymaking. This period saw the establishment of the modern welfare state, as well as significant growth in the area of cultural diversity, including multiculturalism and bilingualism. Meanwhile, th...

Full description

Bibliographic Details
Corporate Author: JSTOR (Organization)
Other Authors: Tuohy, Carolyn Hughes, 1945- (Editor), Borwein, Sophie, 1989- (Editor), Loewen, Peter John, 1979- (Editor), Potter, Andrew (Editor)
Format: eBook
Language:English
Published: Toronto ; Buffalo ; London : University of Toronto Press, 2019.
Subjects:
Online Access:Connect to the full text of this electronic book

MARC

Tag First Indicator Second Indicator Subfields
LEADER 00000cam a2200000 i 4500
001 in00004635621
006 m o d
007 cr cnu---unuuu
008 190408s2019 onc ob 000 0 eng d
005 20230103223516.3
035 |a (OCoLC)on1091899653 
040 |a N$T  |b eng  |e rda  |e pn  |c N$T  |d N$T  |d YDX  |d JSTOR  |d EBLCP  |d CELBN  |d TOH  |d DEGRU  |d OCLCQ  |d UKAHL  |d OCLCQ  |d SFB  |d OCLCQ  |d BRX  |d MM9  |d OCLCQ  |d OCLCO  |d OCLCQ  |d OCLCO  |d IOY 
019 |a 1099602806 
020 |a 9781487519865  |q (electronic bk.) 
020 |a 1487519869  |q (electronic bk.) 
020 |a 9781487519872 
020 |a 1487519877 
020 |z 1487523246 
020 |z 9781487523244 
020 |z 9781487504304 
020 |z 1487504306 
035 |a (OCoLC)1091899653  |z (OCoLC)1099602806 
037 |a 22573/ctvfjd96p  |b JSTOR 
043 |a n-cn--- 
050 4 |a JL86.P64 
055 1 0 |a JL86.P64  |b P65 2019 
072 7 |a POL  |x 032000  |2 bisacsh 
072 7 |a POL  |x 040000  |2 bisacsh 
072 7 |a POL  |x 030000  |2 bisacsh 
072 7 |a POL  |x 018000  |2 bisacsh 
072 7 |a POL  |x 056000  |2 bisacsh 
072 7 |a POL  |x 019000  |2 bisacsh 
072 7 |a POL  |x 017000  |2 bisacsh 
072 7 |a HIS  |x 006020  |2 bisacsh 
072 7 |a POL  |x 010000  |2 bisacsh 
082 0 4 |a 320.60971  |2 23 
084 |a cci1icc  |2 lacc 
049 |a TXAM 
245 0 0 |a Policy transformation in Canada :  |b is the past prologue? /  |c edited by Carolyn Hughes Tuohy, Sophie Borwein, Peter John Loewen, and Andrew Potter. 
264 1 |a Toronto ;  |a Buffalo ;  |a London :  |b University of Toronto Press,  |c 2019. 
300 |a 1 online resource 
336 |a text  |b txt  |2 rdacontent 
337 |a computer  |b c  |2 rdamedia 
338 |a online resource  |b cr  |2 rdacarrier 
347 |a text file 
504 |a Includes bibliographical references. 
520 |a "Canada's centennial anniversary in 1967 coincided with a period of transformative public policymaking. This period saw the establishment of the modern welfare state, as well as significant growth in the area of cultural diversity, including multiculturalism and bilingualism. Meanwhile, the rising commitment to the protection of individual and collective rights was captured in the project of a 'just society.' Tracing the past, present, and future of Canadian policymaking, Policy Transformation in Canada examines the country's current and most critical challenges: the renewal of the federation, managing diversity, Canada's relations with Indigenous peoples, the environment, intergenerational equity, global economic integration, and Canada's role in the world. Scrutinizing various public policy issues through the prism of Canada's sesquicentennial, the contributors consider the transformation of policy and present an accessible portrait of how the Canadian view of policymaking has been reshaped, and where it may be heading in the next fifty years."--  |c Provided by publisher 
588 0 |a Online resource; title from PDF title page (EBSCO, viewed April 9, 2019). 
588 0 |a Print version record. 
505 0 |a Cover; Title Page; Copyright; Contents; Preface; 1: Downstream from the Centennial: Navigating Fifty Years of Policy Change; Part One: Generational Prospects, Then and Now; 2: Dreams along a Journey; 3: Discounting Now and Then; 4: Postponed Adulthood, the Inequality Surge, and the Millennial Burden; 5: Half a Century of Pension Reform in Canada; Part Two: The Economy, the Environment, and the Federation; 6: The Economy: From Innovation to Policy; 7: Natural Resources, Federalism, and the Canadian Economy; 8: Environmental Policy Transformations and Canada at 150 
505 8 |a 9: The Environment as an Urban Policy Issue in Canada10: Canada's Radical Fiscal Federation: The Next Fifty Years; Part Three: Rethinking Sovereignty, Allegiance, and Rights; 11: Reasonable Accommodation, Diversity, and the Supreme Court of Canada; 12: Invisibility, Wilful Blindness, and Impending Doom: The Future (if Any) of Canadian Federalism; 13: Canadian Federalism, Canadian Allegiance, and Economic Inequality; 14: Indigenous-Canadian Relations at the Sesquicentennial: An Opportunity for Real and Lasting Transformation; 15: Reconciliation with a Question Mark: Three Moments 
505 8 |a 16: Reconciliation, Colonization, and Climate FuturesPart Four: Canada's Borders and Beyond; 17: Fifty Years of Canadian Immigration Policy; 18: From Gérin-Lajoie to USMCA: The Role of the Canadian Provinces in Trade Negotiation; 19: Canada and the World: Managing Insecurity in a Changing Global Order; 20: Has Canada Reached Policy Gridlock?; Contributors 
650 0 |a Policy sciences  |z Canada. 
650 0 |a Political planning  |z Canada. 
651 0 |a Canada  |x Politics and government. 
650 6 |a Sciences de la politique  |z Canada. 
650 6 |a Politique publique  |z Canada. 
651 6 |a Canada  |x Politique et gouvernement. 
650 7 |a POLITICAL SCIENCE  |x Essays.  |2 bisacsh 
650 7 |a POLITICAL SCIENCE  |x Government  |x General.  |2 bisacsh 
650 7 |a POLITICAL SCIENCE  |x Government  |x National.  |2 bisacsh 
650 7 |a POLITICAL SCIENCE  |x Reference.  |2 bisacsh 
650 7 |a POLITICAL SCIENCE  |x World  |x Canadian.  |2 bisacsh 
650 7 |a Policy sciences.  |2 fast  |0 (OCoLC)fst01068796 
650 7 |a Political planning.  |2 fast  |0 (OCoLC)fst01069460 
650 7 |a Politics and government.  |2 fast  |0 (OCoLC)fst01919741 
651 7 |a Canada.  |2 fast  |0 (OCoLC)fst01204310 
655 7 |a Electronic books.  |2 local 
700 1 |a Tuohy, Carolyn Hughes,  |d 1945-  |e editor. 
700 1 |a Borwein, Sophie,  |d 1989-  |e editor. 
700 1 |a Loewen, Peter John,  |d 1979-  |e editor. 
700 1 |a Potter, Andrew,  |e editor. 
710 2 |a JSTOR (Organization) 
776 0 8 |i Print version:  |t Policy transformation in Canada.  |d Toronto ; Buffalo ; London : University of Toronto Press, 2019  |z 1487523246  |w (OCoLC)1029638429 
856 4 0 |u https://www.jstor.org/stable/10.3138/j.ctvfjcz59  |z Connect to the full text of this electronic book  |t 0 
955 |a JSTOR Open Access ebooks 
994 |a 92  |b TXA 
999 f f |s 49805492-a8c9-4ac1-811f-f6772df6325e  |i 0a966458-d87a-4cfb-bd1c-642e0b350e22  |t 0 
952 f f |a Texas A&M University  |b College Station  |c Electronic Resources  |d Available Online  |t 0  |e JL86.P64   |h Library of Congress classification 
998 f f |a JL86.P64   |t 0  |l Available Online